000 01735nam a2200457 c 4500
001 4228
003 ES-MaCES
005 20141221121715.0
008 961014s1996 sp ||| | spa d
035 _aCES19980042635m
040 _aES-MaCES
_bspa
_cES-MaCES
245 0 0 _aEscenarios de evolución del gasto público en pensiones y desempleo en el horizonte 2020
_cdirector del equipo de investigación, José Barea Tejeiro ; [investigadores, Maximino Carpio Garcia ... (et al.) ; con el apoyo del Centro de Estudios de Economía sobre el Sector Público de la Fundación BBV]
260 _aBilbao
_bFundación BBV
_c1996
300 _a108 p.
_c23 cm
490 0 _aEconomía pública
541 _cGratuito
650 4 _aEspaña
_926964
650 4 _a1980-1993
_931097
650 4 _agasto público
_928076
650 4 _arégimen de pensión
_927042
650 4 _aprestaciones de vejez
_927041
650 4 _adesempleo
_928308
650 4 _aprestaciones por desempleo
_927043
650 4 _afinanciación de la seguridad social
_930265
650 4 _adinámica poblacional
_928510
650 4 _aenvejecimiento
_928516
650 4 _acondiciones económicas
_927081
650 4 _apredicción
_928899
650 4 _aproyección
_928904
650 4 _a2020
_931139
650 4 _acuadros estadísticos
_928890
653 1 0 _aSeguridad Social
700 1 _aCarpio García, Maximino
_99050
700 1 _aBarea Tejeiro, José
_edir.
_97113
710 2 _aFundación BBV
_eed.
_93765
710 2 _aCentro de Estudios de Economía sobre el Sector Público
_91860
830 0 _aEconomía pública (Fundación BBV)
_932897
902 _aDOC Literatura gris
942 _2CES
_cBK
_h3.0.
999 _c4228
_d4228